| 000 | 01307nam a22003737a 4500 | ||
|---|---|---|---|
| 003 | CHAP | ||
| 005 | 20220817042747.0 | ||
| 008 | 971013s1979 r 00010 d | ||
| 010 | _a54735 | ||
| 011 | _a55707 | ||
| 035 | _a59859 | ||
| 040 | _cCHAP | ||
| 082 |
_a631.0913 _bW54 |
||
| 100 | 0 | 0 | _aWilliams, C. N. |
| 245 | _aTree and field crops of the wetter regions of the tropics | ||
| 260 |
_aLondon : _bDongman, _c1979 |
||
| 300 |
_a262 p. _b: ilus. |
||
| 490 | _aIntermediate tropical agriculture series | ||
| 590 |
_aBATCH-UPD _b10 _c20130110 _lUCH01 _h0730 |
||
| 590 |
_aBATCH-UPD _b10 _c20130410 _lUCH01 _h0414 |
||
| 590 |
_aBATCH-UPD _b10 _c20130913 _lUCH01 _h2356 |
||
| 590 |
_aCONVERSION _b10 _c20130109 _lUCH01 _h1330 |
||
| 650 | 1 | 4 |
_aAgricultura _xTrópicos. _91888 |
| 650 | 1 | 4 |
_aÁrboles tropicales. _982448 |
| 650 | 1 | 4 |
_aCultivos tropicales. _930383 |
| 700 | 0 |
_aChew, W.Y. _922201 |
|
| 700 | 0 |
_aRajaratman, J.H. _993773 |
|
| 830 | 0 |
_aIntermediate tropical agriculture series _959530 |
|
| 901 | _aBK | ||
| 942 | _cLIBRO | ||
| 949 |
_a631.0913 W54 _bBC _cLIBRO _d33724000053468 _eLIBRO _fc.2 _h53422 _i59859 _si _t286.00 |
||
| 949 |
_a631.0913 W54 _bBC _cLIBRO _d33724000053476 _eLIBRO _h53421 _i59859 _si _t286.00 |
||
| 949 |
_a631.0913 W54 _bBC _cLIBRO _d33724000053484 _eLIBRO _fc.3 _h53423 _i59859 _si _t286.00 |
||
| 999 |
_c54735 _d54735 |
||